[Event "Team junior-boys chess final 2016"]
[Site "Sochi"]
[Date "2016.05.09"]
[Round "8.4"]
[White "Poliakov, Artem"]
[Black "Maraktanov, Andrey"]
[Result "1-0"]
[WhiteElo "2168"]
[BlackElo "1839"]
[PlyCount "99"]
[EventDate "2016.05.01"]

1. d4 Nf6 2. c4 c5 3. d5 b5 4. Qc2 d6 5. e4 g6 6. Nf3 Bg7 7. cxb5 a6 8. Nc3
axb5 9. Bxb5+ Nbd7 10. O-O O-O 11. h3 Ba6 12. Be3 Qa5 13. Bxa6 Qxa6 14. Rfd1
Rfb8 15. b3 Ne8 16. Nd2 Qa5 17. Na4 Bxa1 18. Nc4 Qa6 19. Rxa1 Rb4 20. Nab2 Nb6
21. Bd2 Rb5 22. Bc3 Nxc4 23. Nxc4 Nc7 24. Bb2 Qc8 25. a4 Rbb8 26. Rd1 Na6 27.
f4 Qb7 28. Rd3 f6 29. Re3 Nb4 30. Qe2 Qd7 31. g4 Kf8 32. Ba1 Ke8 33. g5 fxg5
34. fxg5 Kd8 35. Rf3 Kc7 36. Qf1 Nc2 37. Bg7 Nb4 38. Rf7 Re8 39. Qf3 Nc2 40.
Qc3 Nb4 41. e5 Nxd5 42. exd6+ Kb8 43. Qe5 Nb4 44. Rxe7 Rxe7 45. dxe7+ Kb7 46.
e8=Q Rxe8 47. Qxe8 Qxg7 48. Qb5+ Ka8 49. Nb6+ Kb7 50. Nd7+ 1-0

[Event "Team junior-boys chess final 2016"]
[Site "Sochi"]
[Date "2016.05.09"]
[Round "8.4"]
[White "Pranizin, Evgeny"]
[Black "Brin, Ilya"]
[Result "0-1"]
[WhiteElo "1651"]
[BlackElo "1817"]
[PlyCount "76"]
[EventDate "2016.05.01"]

1. e4 c5 2. Nf3 Nc6 3. d4 cxd4 4. Nxd4 Nf6 5. Nc3 e5 6. Ndb5 d6 7. Bg5 a6 8.
Na3 b5 9. Nd5 Be7 10. Nxe7 Nxe7 11. Bd3 d5 12. Qf3 dxe4 13. Bxe4 Nxe4 14. Qxe4
Bf5 15. Qb4 f6 16. Bd2 O-O 17. O-O Nc6 18. Qb3+ Kh8 19. Be3 Nd4 20. Bxd4 Qxd4
21. c3 Qg4 22. Nc2 Qg6 23. Ne3 Bd3 24. Rfd1 Rad8 25. Qb4 e4 26. c4 f5 27. cxb5
axb5 28. Nd5 f4 29. Rxd3 exd3 30. Nxf4 Qf5 31. Nh3 d2 32. Rd1 Qc2 33. Qb3 Qxb3
34. axb3 Rc8 35. f3 Rc1 36. Nf2 Rxd1+ 37. Nxd1 Re8 38. Kf2 Re1 0-1

[Event "Team junior-boys chess final 2016"]
[Site "Sochi"]
[Date "2016.05.09"]
[Round "8.4"]
[White "Petrovskiy, Andrey"]
[Black "Scheritsa, Semen"]
[Result "1/2-1/2"]
[WhiteElo "1616"]
[BlackElo "1671"]
[PlyCount "104"]
[EventDate "2016.05.01"]

1. d4 e6 2. Nf3 f5 3. g3 Nf6 4. Bg2 d5 5. O-O c6 6. Bf4 Bd6 7. e3 O-O 8. Nbd2
Ne4 9. c4 b6 10. Rc1 Ba6 11. Re1 Qe7 12. cxd5 exd5 13. Bxd6 Qxd6 14. Ne5 Bb7
15. Bh3 Na6 16. f4 c5 17. a3 Rad8 18. Ndf3 Nc7 19. Re2 Ne6 20. b3 g6 21. Rec2
Rc8 22. a4 Rc7 23. Bf1 Rfc8 24. Bd3 Ng7 25. Kf1 Nh5 26. Nd2 Nhf6 27. Be2 cxd4
28. Nxe4 Nxe4 29. Rxc7 Rxc7 30. Rxc7 Qxc7 31. exd4 Qc3 32. Nf3 Qe3 33. Qe1 Nc3
34. Qd2 Qxd2 35. Nxd2 Ne4 36. Nf3 Kf8 37. Bd3 Ke7 38. Ke2 h6 39. Ne5 Kf6 40.
Nd7+ Ke6 41. Ne5 Kf6 42. Nd7+ Kg7 43. Ke3 Bc6 44. Ne5 Be8 45. Ba6 Nd6 46. Be2
Kf6 47. Nd3 Ke6 48. Bf3 Ne4 49. Be2 g5 50. Ne1 g4 51. Ng2 Nd6 52. Kd2 Ne4+
1/2-1/2

[Event "Team junior-boys chess final 2016"]
[Site "Sochi"]
[Date "2016.05.10"]
[Round "9.1"]
[White "Skatchkov, Valery"]
[Black "Egorov, Alexey"]
[Result "1-0"]
[WhiteElo "2146"]
[BlackElo "1817"]
[PlyCount "104"]
[EventDate "2016.05.01"]

1. d4 d5 2. c4 e6 3. Nf3 Nf6 4. g3 Be7 5. Bg2 O-O 6. O-O dxc4 7. Ne5 Nc6 8.
Nxc6 bxc6 9. Qa4 Qxd4 10. Nc3 Rb8 11. Be3 Qe5 12. Rad1 Nd5 13. Bd4 Nxc3 14.
Bxc3 Qb5 15. Qc2 Bb7 16. Rd4 Bf6 17. Rg4 Bxc3 18. Qxc3 f6 19. Rxc4 Rfd8 20. Rb4
Qxe2 21. Qb3 Qa6 22. Rc1 Rd6 23. Bf1 Qa5 24. Rxb7 Rxb7 25. Qxb7 Qb6 26. Qc8+
Kf7 27. Bc4 Kg6 28. Qe8+ Kh6 29. g4 Qc5 30. Qh5+ Qxh5 31. gxh5 Kxh5 32. Be2+
Kg6 33. Rc2 e5 34. Bf3 c5 35. Rxc5 Rd2 36. Rc2 Rxc2 37. Be4+ f5 38. Bxc2 Kg5
39. Kf1 Kf4 40. Ke2 e4 41. Bb3 g5 42. Bf7 c5 43. b3 g4 44. Be8 h6 45. Bd7 h5
46. Be8 h4 47. Bd7 a6 48. Kd2 h3 49. Bc8 a5 50. Bd7 Ke5 51. Kc3 Kd5 52. Bxf5 e3
1-0

[Event "Team junior-boys chess final 2016"]
[Site "Sochi"]
[Date "2016.05.10"]
[Round "9.1"]
[White "Maraktanov, Andrey"]
[Black "Vdovin, Maxim"]
[Result "0-1"]
[WhiteElo "1839"]
[BlackElo "1946"]
[PlyCount "116"]
[EventDate "2016.05.01"]

1. Nf3 Nf6 2. g3 b6 3. d4 Bb7 4. Bg2 e6 5. O-O d5 6. c4 c5 7. cxd5 Nxd5 8. Nc3
Nd7 9. Re1 cxd4 10. Nxd5 Bxd5 11. Nxd4 Bxg2 12. Kxg2 Bc5 13. Be3 O-O 14. b4
Bxd4 15. Qxd4 Qe7 16. Rac1 Rac8 17. Rxc8 Rxc8 18. Rd1 Nf6 19. Bg5 e5 20. Bxf6
Qb7+ 21. Qd5 Qxd5+ 22. Rxd5 gxf6 23. Rd7 Rc2 24. Rxa7 Rxe2 25. Ra6 Kg7 26. a4
Ra2 27. h4 Kg6 28. Kf3 h5 29. Ke3 Kf5 30. Kf3 Ra3+ 31. Ke2 Kg6 32. Kd2 Kg7 33.
Ke2 e4 34. Rxb6 Rxa4 35. Ke3 Ra2 36. Kxe4 Rxf2 37. b5 Rb2 38. Kf3 Rb3+ 39. Kf2
Kg6 40. Rb8 Kf5 41. Rh8 Kg4 42. Rg8+ Kh3 43. Rb8 Rxg3 44. b6 Rb3 45. b7 Kxh4
46. Kg2 f5 47. Kf2 f4 48. Kg2 f5 49. Kf2 f3 50. Kf1 Rb2 51. Ke1 Kh3 52. Kf1 h4
53. Ke1 Kh2 54. Kf1 h3 55. Ke1 Kg1 56. Rg8+ Rg2 57. b8=Q f2+ 58. Kd2 f1=Q+ 0-1

[Event "Team junior-boys chess final 2016"]
[Site "Sochi"]
[Date "2016.05.10"]
[Round "9.1"]
[White "Suvorov, Aleksandr"]
[Black "Abramov, Ilya"]
[Result "1-0"]
[WhiteElo "1938"]
[BlackElo "1939"]
[PlyCount "49"]
[EventDate "2016.05.01"]

1. e4 Nf6 2. e5 Nd5 3. Nc3 Nxc3 4. bxc3 Nc6 5. f4 d6 6. Nf3 Bg4 7. d4 e6 8. Be3
Be7 9. Bd3 Bh4+ 10. g3 Be7 11. h3 Bh5 12. O-O dxe5 13. fxe5 O-O 14. Bxh7+ Kxh7
15. Ng5+ Bxg5 16. Qxh5+ Bh6 17. Bxh6 gxh6 18. Rf6 Qxf6 19. exf6 Rad8 20. Rb1
Rd5 21. Qg4 Rg8 22. Qe4+ Kh8 23. Rxb7 Rxg3+ 24. Kh2 Rxc3 25. Rxc7 1-0

[Event "Team junior-boys chess final 2016"]
[Site "Sochi"]
[Date "2016.05.10"]
[Round "9.1"]
[White "Scheritsa, Semen"]
[Black "Bobkov, Vadim"]
[Result "1/2-1/2"]
[WhiteElo "1671"]
[BlackElo "1887"]
[PlyCount "94"]
[EventDate "2016.05.01"]

1. Nf3 d5 2. d4 Nf6 3. c4 e6 4. g3 dxc4 5. Qa4+ c6 6. Qxc4 b5 7. Qc2 Bb7 8. Bg2
Nbd7 9. O-O c5 10. a4 a6 11. axb5 axb5 12. Rxa8 Qxa8 13. Qd1 cxd4 14. Qxd4 Bc5
15. Qd1 O-O 16. Ne1 Bxg2 17. Nxg2 Nb6 18. Be3 Bxe3 19. Nxe3 Rd8 20. Qb3 Qa4 21.
Rd1 Rxd1+ 22. Qxd1 Nfd5 23. Nc3 Qxd1+ 24. Nexd1 Nc7 25. e4 Kf8 26. Kf1 Ke7 27.
Ke2 Kd6 28. b4 Nc4 29. Kd3 Ne5+ 30. Ke2 Nc6 31. Na2 f5 32. f3 g6 33. h3 e5 34.
Nb2 Nd4+ 35. Ke3 h5 36. Nd3 Nce6 37. Nc3 Nc7 38. h4 Nc2+ 39. Kf2 Na3 40. Nc5
Nc2 41. Nd3 Na3 42. Nc5 Nc4 43. Ke2 Kc6 44. Kd3 Ne8 45. Nd5 Kd6 46. Nc3 Na3 47.
Nd5 Nc4 1/2-1/2

[Event "Team junior-boys chess final 2016"]
[Site "Sochi"]
[Date "2016.05.10"]
[Round "9.2"]
[White "Tsoi, Dmitry"]
[Black "Golikov, Daniil"]
[Result "1-0"]
[WhiteElo "2127"]
[BlackElo "2152"]
[PlyCount "119"]
[EventDate "2016.05.01"]

1. e4 e6 2. d4 d5 3. Nc3 Bb4 4. e5 Ne7 5. Bd2 c5 6. a3 Bxc3 7. Bxc3 cxd4 8.
Bxd4 Nbc6 9. Nf3 Qc7 10. c3 Nf5 11. Bd3 Nfxd4 12. cxd4 Qb6 13. b4 Bd7 14. Be2
O-O 15. O-O f6 16. exf6 gxf6 17. Qd2 Kh8 18. Rfc1 a6 19. Rc5 Qc7 20. Rac1 Qd6
21. Bd3 Rf7 22. Bb1 Be8 23. Qh6 Bd7 24. R5c3 Qf8 25. Qd2 Qg7 26. Ne1 f5 27. Rd1
Rc8 28. Rg3 Qxd4 29. Qe2 Qf6 30. f4 Nd4 31. Qf2 Nb5 32. Nf3 Nc3 33. Ne5 Rg7 34.
Rxg7 Qxg7 35. Re1 Bb5 36. Bc2 h6 37. h3 d4 38. a4 Bc6 39. Kh2 Be4 40. Bxe4 Nxe4
41. Rxe4 fxe4 42. Qxd4 Rg8 43. Qxe4 Qg3+ 44. Kh1 Rc8 45. Ng6+ Kg7 46. Qxb7+
Kxg6 47. Qxc8 Qe1+ 48. Kh2 Qxb4 49. Qxe6+ Kh7 50. Qf5+ Kh8 51. a5 Kg7 52. Qe5+
Kf7 53. f5 Kg8 54. Qe8+ Kg7 55. Qg6+ Kf8 56. Qxh6+ Kf7 57. Qe6+ Kf8 58. Qc8+
Kf7 59. Qc7+ Ke8 60. f6 1-0

[Event "Team junior-boys chess final 2016"]
[Site "Sochi"]
[Date "2016.05.10"]
[Round "9.2"]
[White "Shinkevich, Maksim"]
[Black "Tsvetkov, Andrey"]
[Result "0-1"]
[WhiteElo "1940"]
[BlackElo "2036"]
[PlyCount "100"]
[EventDate "2016.05.01"]

1. d4 d5 2. c4 c6 3. Nc3 Nf6 4. e3 e6 5. Nf3 Nbd7 6. Bd3 dxc4 7. Bxc4 b5 8. Bd3
a6 9. e4 c5 10. d5 exd5 11. exd5 Be7 12. O-O O-O 13. Bf4 Re8 14. Ng5 h6 15.
Nge4 Bb7 16. Qf3 Nxd5 17. Nxd5 Bxd5 18. Qg3 Bh4 19. Qg4 Ne5 20. Bxe5 Rxe5 21.
g3 f5 22. Qf4 fxe4 23. Qxe5 Bf6 24. Qf5 exd3 25. Qxd3 Bc4 26. Qxd8+ Rxd8 27.
Rfe1 Rd2 28. Re8+ Kh7 29. Rae1 Bxb2 30. h4 h5 31. Rf8 Bd4 32. Ree8 Rxa2 33. g4
hxg4 34. Kg2 Bf6 35. Kg3 Re2 36. Rh8+ Kg6 37. Ref8 Re4 38. Rc8 Be7 39. Rc6+ Re6
40. Rcc8 b4 41. Kxg4 b3 42. Rb8 Bb5 43. h5+ Kf7 44. h6 Rxh6 45. f4 b2 46. f5
Rxh8 47. Rxh8 b1=Q 48. f6 Qe4+ 49. Kg3 Bd6+ 50. Kh3 Bd7# 0-1

[Event "Team junior-boys chess final 2016"]
[Site "Sochi"]
[Date "2016.05.10"]
[Round "9.2"]
[White "Stukan, Martin"]
[Black "Levdansky, Alexey"]
[Result "1-0"]
[WhiteElo "1956"]
[BlackElo "1962"]
[PlyCount "81"]
[EventDate "2016.05.01"]

1. e4 c5 2. Nf3 Nc6 3. d4 cxd4 4. Nxd4 Nf6 5. Nc3 g6 6. Be3 Bg7 7. Bc4 O-O 8.
Bb3 d6 9. h3 Bd7 10. O-O Nxd4 11. Bxd4 b5 12. Qd3 a5 13. a3 Bc6 14. Rfe1 e5 15.
Be3 b4 16. Nd5 Rb8 17. axb4 axb4 18. Bg5 h6 19. Nxf6+ Bxf6 20. Bxh6 Bg7 21. Be3
Qf6 22. Red1 Rfd8 23. Ra7 Be8 24. Qd2 Bf8 25. Bg5 Qh8 26. Bxd8 Rxd8 27. Qg5 Qh5
28. Qxh5 gxh5 29. Bd5 Rc8 30. Ra8 Rxa8 31. Bxa8 Be7 32. Ra1 Kg7 33. Bd5 Bb5 34.
Ra7 Kf6 35. Rb7 Be2 36. Rxb4 Bd1 37. c4 Bc2 38. Rb7 Bd8 39. Rxf7+ Kg5 40. b4
Bb6 41. Rd7 1-0

[Event "Team junior-boys chess final 2016"]
[Site "Sochi"]
[Date "2016.05.10"]
[Round "9.2"]
[White "Zemnitskiy, Alexander"]
[Black "Tarasov, Danila"]
[Result "1-0"]
[WhiteElo "2024"]
[BlackElo "1859"]
[PlyCount "81"]
[EventDate "2016.05.01"]

1. e4 e6 2. d4 d5 3. Nc3 Nc6 4. Nf3 Nf6 5. Bg5 Be7 6. e5 Nd7 7. Bxe7 Nxe7 8.
Bd3 a6 9. b4 b6 10. Ne2 Bb7 11. O-O c5 12. c3 Ng6 13. Nd2 Ngxe5 14. dxe5 Nxe5
15. Bc2 cxb4 16. cxb4 Qh4 17. f4 Ng4 18. Nf3 Qe7 19. Qd4 O-O 20. Ne5 Nxe5 21.
fxe5 Rac8 22. Bd3 Rc6 23. Rfc1 Rfc8 24. Rxc6 Rxc6 25. Rc1 Rxc1+ 26. Nxc1 g6 27.
Nb3 Qg5 28. g3 h5 29. Kf2 a5 30. h4 Qd8 31. bxa5 bxa5 32. Qc5 Qb8 33. Qd6 Qa7+
34. Nc5 a4 35. Qc7 a3 36. Ke2 Kg7 37. Nxe6+ Kg8 38. Nd8 Qg1 39. Qxf7+ Kh8 40.
Qf6+ Kg8 41. Qxg6+ 1-0

[Event "Team junior-boys chess final 2016"]
[Site "Sochi"]
[Date "2016.05.10"]
[Round "9.3"]
[White "Shemyakin, Valeriy"]
[Black "Salemgareev, Tagir"]
[Result "0-1"]
[WhiteElo "2077"]
[BlackElo "2235"]
[PlyCount "74"]
[EventDate "2016.05.01"]

1. d4 Nf6 2. c4 c5 3. Nf3 cxd4 4. Nxd4 Nc6 5. Nxc6 bxc6 6. g3 g6 7. Bg2 Bg7 8.
O-O O-O 9. Nc3 Rb8 10. Qc2 c5 11. Bf4 d6 12. Rad1 Qa5 13. b3 Bf5 14. e4 Bg4 15.
Rc1 Rfe8 16. h3 Bd7 17. g4 h5 18. g5 Nh7 19. Bd2 Nf8 20. Nd5 Qd8 21. Bc3 Ne6
22. Bxg7 Kxg7 23. f4 Nd4 24. Qd2 f5 25. exf5 Bxf5 26. Rce1 e6 27. Nf6 Re7 28.
Kh2 a5 29. Be4 a4 30. Bxf5 exf5 31. Rxe7+ Qxe7 32. b4 Qe6 33. Nd5 Qe4 34. b5
Re8 35. Kg3 h4+ 36. Kxh4 Ne2 37. Qb2+ Qd4 0-1

[Event "Team junior-boys chess final 2016"]
[Site "Sochi"]
[Date "2016.05.10"]
[Round "9.3"]
[White "Kalabukhov, Bogdan"]
[Black "Pavlov, Danila"]
[Result "0-1"]
[WhiteElo "2056"]
[BlackElo "2094"]
[PlyCount "88"]
[EventDate "2016.05.01"]

1. d4 Nf6 2. Nf3 g6 3. g3 Bg7 4. Bg2 O-O 5. O-O d6 6. a4 a5 7. Nc3 Nbd7 8. e4
e5 9. h3 b6 10. Re1 Re8 11. d5 Nc5 12. Nh2 Rf8 13. f4 Nh5 14. Qf3 f5 15. exf5
exf4 16. Bxf4 Rxf5 17. Ng4 Nxf4 18. gxf4 Qf8 19. Nb5 Rxf4 20. Qg3 Rf7 21. c3
Bf5 22. Nd4 Bxd4+ 23. cxd4 Nd3 24. Re3 Nb4 25. Rf1 Qg7 26. Be4 Raf8 27. Bxf5
Rxf5 28. Ref3 Rxf3 29. Rxf3 Qxd4+ 30. Kh2 Qxb2+ 31. Nf2 Rxf3 32. Qxf3 Qe5+ 33.
Kg1 Nxd5 34. Ng4 Qd4+ 35. Kg2 Kg7 36. Nf2 Nf6 37. Kh2 Qxa4 38. Qc3 Qf4+ 39. Kg1
Qg5+ 40. Kf1 Qc5 41. Qe1 Qe5 42. Qc1 Nd5 43. Ng4 Qf4+ 44. Qxf4 Nxf4 0-1

[Event "Team junior-boys chess final 2016"]
[Site "Sochi"]
[Date "2016.05.10"]
[Round "9.3"]
[White "Koren, Vladimir"]
[Black "Dudin, Gleb"]
[Result "1-0"]
[WhiteElo "1826"]
[BlackElo "1857"]
[PlyCount "105"]
[EventDate "2016.05.01"]

1. e4 c5 2. c3 e6 3. d4 d5 4. exd5 exd5 5. Nf3 Nc6 6. Be2 Bd6 7. Be3 c4 8. O-O
Nge7 9. b3 b5 10. a4 Na5 11. Nbd2 Bd7 12. axb5 Bxb5 13. bxc4 dxc4 14. Nxc4 Nxc4
15. Bxc4 Bc6 16. Bd3 O-O 17. c4 Bxf3 18. Qxf3 Qc7 19. h3 Ng6 20. Rfb1 Rfb8 21.
Rxb8+ Qxb8 22. Rb1 Qd8 23. Bxg6 fxg6 24. Qd5+ Kh8 25. Bg5 Be7 26. Qxd8+ Bxd8
27. Bxd8 Rxd8 28. d5 h5 29. Rd1 Kg8 30. Kf1 Kf7 31. Ke2 Ke7 32. Ra1 Rd7 33. Ra6
g5 34. Rg6 Kf7 35. Rxg5 g6 36. Re5 Rc7 37. Kd3 a5 38. d6 Rd7 39. c5 a4 40. Kc4
a3 41. Kb3 Ra7 42. Re7+ Rxe7 43. dxe7 Kxe7 44. Kxa3 Kd7 45. Kb4 Kc6 46. Kc4 g5
47. g3 g4 48. hxg4 hxg4 49. Kd4 Kc7 50. Ke4 Kc6 51. Kf4 Kxc5 52. Kxg4 Kd5 53.
Kf5 1-0

[Event "Team junior-boys chess final 2016"]
[Site "Sochi"]
[Date "2016.05.10"]
[Round "9.3"]
[White "Dunaev, Denis"]
[Black "Babunov, Alexander"]
[Result "0-1"]
[WhiteElo "1628"]
[BlackElo "1780"]
[PlyCount "58"]
[EventDate "2016.05.01"]

1. d4 g6 2. Nf3 Bg7 3. g3 c5 4. c3 d5 5. Bg2 Nf6 6. O-O O-O 7. Nbd2 Nc6 8. e3
Bf5 9. Nb3 c4 10. Nbd2 b5 11. Nh4 Bd3 12. Re1 e5 13. Bf1 Bxf1 14. Rxf1 Rb8 15.
b3 b4 16. Nb1 Ne4 17. Bb2 bxc3 18. Nxc3 exd4 19. Nxe4 dxe4 20. exd4 Nxd4 21.
Ba3 Re8 22. Rb1 c3 23. Rc1 Rc8 24. Ng2 c2 25. Qg4 f5 26. Qh3 Ne2+ 27. Kh1 Nxc1
28. Rxc1 Qa5 29. Bd6 Bb2 0-1

[Event "Team junior-boys chess final 2016"]
[Site "Sochi"]
[Date "2016.05.10"]
[Round "9.4"]
[White "Sokolov, Nikita Dm"]
[Black "Plaksin, Igor"]
[Result "1-0"]
[WhiteElo "2126"]
[BlackElo "1621"]
[PlyCount "79"]
[EventDate "2016.05.01"]

1. d4 Nf6 2. c4 c5 3. d5 b5 4. cxb5 a6 5. bxa6 g6 6. Nc3 Bg7 7. e4 Qa5 8. Bd2
O-O 9. Nf3 d6 10. Nb5 Qb6 11. a7 Nbd7 12. Qc2 Ba6 13. a4 Bxb5 14. Bxb5 Qxa7 15.
O-O Rfb8 16. Bc6 Ng4 17. Bc3 Nde5 18. Nxe5 Nxe5 19. Bxa8 Rxa8 20. b3 Rb8 21. h3
h5 22. Kh1 f6 23. Bxe5 fxe5 24. Rfd1 Rb4 25. Rd3 Qd7 26. Rc3 Qb7 27. Rb1 Bf6
28. Rc4 Bh4 29. Rxb4 Qxb4 30. Rd1 Qb8 31. g3 Bg5 32. Kg2 h4 33. Rd3 Qf8 34. Rf3
Qb8 35. Qc4 Kg7 36. Qb5 Qd8 37. a5 hxg3 38. fxg3 Bd2 39. a6 g5 40. a7 1-0

[Event "Team junior-boys chess final 2016"]
[Site "Sochi"]
[Date "2016.05.10"]
[Round "9.4"]
[White "Smelykh, Edvin"]
[Black "Yarygin, Maksim"]
[Result "0-1"]
[WhiteElo "1664"]
[BlackElo "1930"]
[PlyCount "76"]
[EventDate "2016.05.01"]

1. e4 c5 2. Nf3 Nc6 3. Bb5 g6 4. O-O Bg7 5. c3 e5 6. d3 Nge7 7. Re1 O-O 8. Bg5
Qb6 9. Bxc6 Nxc6 10. Qc2 d6 11. Nbd2 Be6 12. Nf1 h6 13. Bh4 f5 14. exf5 Rxf5
15. N3d2 Raf8 16. Ne3 R5f7 17. Nec4 Qc7 18. Ne4 Rd7 19. Rad1 b6 20. Ne3 d5 21.
Nd2 Rdf7 22. Rc1 g5 23. Bg3 h5 24. f3 h4 25. Bf2 h3 26. Bg3 Qd7 27. Rf1 hxg2
28. Nxg2 Bf5 29. Ne3 Bg6 30. Ng4 c4 31. Nf2 Ne7 32. Rfe1 Qe6 33. Qa4 cxd3 34.
Qa6 Nf5 35. Nxd3 Nxg3 36. hxg3 Qh3 37. Nf2 Qxg3+ 38. Kf1 Rxf3 0-1

[Event "Team junior-boys chess final 2016"]
[Site "Sochi"]
[Date "2016.05.10"]
[Round "9.4"]
[White "Vetokhin, Ilia"]
[Black "Ivanov, Ilya"]
[Result "1-0"]
[WhiteElo "1799"]
[BlackElo "1669"]
[PlyCount "127"]
[EventDate "2016.05.01"]

1. d4 e6 2. Nf3 d5 3. e3 Nf6 4. Bd3 Be7 5. O-O O-O 6. b3 b6 7. Bb2 Bb7 8. Ne5
Nbd7 9. f4 Ne4 10. Nd2 f5 11. Nxd7 Qxd7 12. Nxe4 fxe4 13. Be2 Bf6 14. c4 c5 15.
Qd2 Rfd8 16. Rfd1 Rac8 17. h3 Qc6 18. cxd5 exd5 19. Rac1 Qe8 20. dxc5 Bxb2 21.
Qxb2 bxc5 22. Qa3 d4 23. Qxa7 d3 24. Bg4 Rc7 25. Rxc5 Ra8 26. Qb6 Rxc5 27. Qxc5
Rxa2 28. Qc4+ Kh8 29. Qe6 Qxe6 30. Bxe6 Ba6 31. Bd5 d2 32. Bc4 Bxc4 33. bxc4
Rc2 34. Kf2 Kg8 35. Ke2 Rxc4 36. Rxd2 Rc7 37. Rd4 Re7 38. g4 Kf7 39. Kd2 g6 40.
Kc3 Kf6 41. Rd6+ Kf7 42. Kd4 h6 43. Rd5 Kf6 44. Re5 Ra7 45. Kxe4 Ra1 46. h4 Rh1
47. h5 Ra1 48. Rd5 Ra4+ 49. Rd4 Ra6 50. hxg6 Kxg6 51. Ke5 Ra5+ 52. Rd5 Ra3 53.
e4 Rg3 54. Rd6+ Kg7 55. Kf5 Rh3 56. Rd7+ Kg8 57. e5 Kf8 58. e6 Re3 59. Kf6 Ke8
60. Ra7 Kd8 61. e7+ Ke8 62. Ra8+ Kd7 63. Rd8+ Kc7 64. e8=Q 1-0

[Event "Team junior-boys chess final 2016"]
[Site "Sochi"]
[Date "2016.05.10"]
[Round "9.4"]
[White "Kirushin, Ivan"]
[Black "Novikov, Roman"]
[Result "1/2-1/2"]
[WhiteElo "1625"]
[BlackElo "1711"]
[PlyCount "101"]
[EventDate "2016.05.01"]

1. e4 e6 2. d4 d5 3. e5 c5 4. c3 Nc6 5. Nf3 Qb6 6. Bd3 Bd7 7. dxc5 Bxc5 8. O-O
Qc7 9. Bf4 Nge7 10. Qc2 Ng6 11. Bxg6 fxg6 12. Nbd2 O-O 13. Bg3 b5 14. a3 Rac8
15. Qd3 a6 16. Nb3 Be7 17. Nfd4 Nxd4 18. Nxd4 Qc4 19. Qd2 a5 20. Rfc1 Rc7 21.
b3 Qc5 22. f3 Qb6 23. Bf2 Qb7 24. b4 a4 25. Nc2 Qc8 26. Ne1 h6 27. Nd3 Bg5 28.
f4 Be7 29. Bc5 Bxc5+ 30. Nxc5 Rxc5 31. bxc5 Qxc5+ 32. Kh1 Qc4 33. Rf1 Rc8 34.
Rf3 Qb3 35. h3 Rc4 36. Qa2 Qxa2 37. Rxa2 Bc6 38. Rc2 d4 39. Rf1 Be4 40. Rd2
dxc3 41. Ra2 Rd4 42. Rc1 c2 43. Raxc2 Bxc2 44. Rxc2 Rxf4 45. Rb2 Rf1+ 46. Kh2
Ra1 47. Rxb5 Rxa3 48. Rb6 Re3 49. Rxe6 Kf7 50. Ra6 Rxe5 51. Rxa4 1/2-1/2